| 000 | 00510nam a2200157Ia 4500 | ||
|---|---|---|---|
| 003 | GCL | ||
| 008 | 140319s9999 xx 000 0 ara d | ||
| 040 |
_aGCL / _cGCL |
||
| 082 | 0 | 4 |
_a947.085 _bم م |
| 245 | 1 | 0 | _aمارشال الاتحاد السوفيتى و الحائز على لقب بطل الاتحاد السوفيتى 4 مرات ج.ك.روكوف ذكريات , افكار |
| 300 | _a568 ص | ||
| 490 | _a | ||
| 650 | 0 | 4 | _aالاتحاد السوفيتى |
| 650 | 0 | 4 | _aالتاريخ |
| 942 |
_2ddc _cBK |
||
| 999 |
_c40765 _d40765 |
||